LEADER 01401nam0 2200313 i 450 001 SUN0060593 005 20151120101600.498 010 $a03-87955-85-2$d0.00 100 $a20070723d2003 |0engc50 ba 101 $aeng 102 $aUS 105 $a|||| ||||| 200 1 $aDiscrete mathematics$eelementary and beyond$fL. Lovász, J. Pelikán, K. Vesztergombi 210 $aNew York$cSpringer$d2003 215 $aIX, 290 p.$cill.$d24 cm. 410 1$1001SUN0024019$12001 $a*Undergraduate texts in mathematics$1210 $aBerlin$cSpringer$d1958-. 606 $a28-XX$xMeasure and integration [MSC 2020]$2MF$3SUNC019878 606 $a30-XX$xFunctions of a complex variable [MSC 2020]$2MF$3SUNC020785 620 $aUS$dNew York$3SUNL000011 700 1$aLovász$b, Laszlo$3SUNV047856$041000 701 1$aPelikán$b, Jozsef$3SUNV047857$067838 701 1$aVesztergombi$b, Katalin, L.$3SUNV047858$067839 712 $aSpringer$3SUNV000178$4650 801 $aIT$bSOL$c20200921$gRICA 856 4 $u/sebina/repository/catalogazione/documenti/Lovasz, Pelikan, Vesztergombi - Discrete mathematics. elementary and beyond.pdf$zContents 912 $aSUN0060593 950 $aUFFICIO DI BIBLIOTECA DEL DIPARTIMENTO DI MATEMATICA E FISICA$d08PREST 05-XX 2525 $e08 7859 II 20070723 996 $aDiscrete mathematics$91415370 997 $aUNICAMPANIA